[Event "FIDE World Senior Team Championship 2020"]
[Site "Olympik hotel, Sokolovska 138, Prague"]
[Date "2020.03.08"]
[Round "3.1.1"]
[White "Potapov, Alexander"]
[Black "Bryson, Douglas M"]
[Result "1/2-1/2"]
[WhiteElo "2413"]
[BlackElo "2334"]
[PlyCount "135"]
[WhiteTeam "RUS1"]
[BlackTeam "SCO1"]
[EventDate "2020.03.06"]

1. d4 d5 2. c4 e6 3. Nc3 c6 4. e4 dxe4 5. Nxe4 Bb4+ 6. Bd2 Qxd4 7. Bxb4 Qxe4+
8. Be2 Na6 9. Ba5 f6 10. Nf3 b6 11. Qd6 Bd7 12. O-O-O O-O-O 13. Bd3 Qg4 14. h3
Qh5 15. Bc3 Nh6 16. Qa3 Kb7 17. b4 Nb8 18. Be4 e5 19. b5 Qf7 20. Qa4 Qe6 21. g4
Nf7 22. c5 h5 23. Rd3 Be8 24. Rxd8 Nxd8 25. Rd1 Nf7 26. Nd2 hxg4 27. hxg4 Rh3
28. f3 Ng5 29. Bb2 Nxe4 30. cxb6 axb6 31. Nxe4 cxb5 32. Qa3 Qc4+ 33. Bc3 Qa4
34. Nd6+ Ka6 35. Qxa4+ bxa4 36. Nxe8 Rxf3 37. Bd2 Rg3 38. g5 fxg5 39. Rf1 Kb5
40. Nd6+ Kc6 41. Ne4 Rg2 42. Nxg5 Kd5 43. Rf7 Nc6 44. Rd7+ Kc4 45. Rc7 Kd5 46.
Rxg7 Rg1+ 47. Kb2 Rg2 48. Kc1 Rg1+ 49. Kb2 Rg2 50. Rd7+ Kc4 51. Nf3 Rf2 52. Rf7
Kd5 53. Kc3 b5 54. a3 Rg2 55. Ng5 Nd4 56. Kd3 Rg3+ 57. Be3 Nc2 58. Kxc2 Rxe3
59. Kb2 Rb3+ 60. Ka2 Rg3 61. Nf3 Rg2+ 62. Kb1 e4 63. Rf5+ Kc4 64. Rf4 Kd5 65.
Rf5+ Kc4 66. Rf4 Kd5 67. Rf5+ Kc4 68. Rf4 1/2-1/2

[Event "FIDE World Senior Team Championship 2020"]
[Site "Olympik hotel, Sokolovska 138, Prague"]
[Date "2020.03.08"]
[Round "3.1.2"]
[White "Farrell, Neil"]
[Black "Sergeyev, Alexander"]
[Result "1/2-1/2"]
[WhiteElo "2183"]
[BlackElo "2398"]
[PlyCount "118"]
[WhiteTeam "SCO1"]
[BlackTeam "RUS1"]
[EventDate "2020.03.06"]

1. d4 d5 2. c4 c6 3. Nf3 Nf6 4. e3 Bf5 5. Nc3 e6 6. Nh4 Bg4 7. Qb3 Qc7 8. h3
Bh5 9. g4 Bg6 10. Nxg6 hxg6 11. Bg2 Nbd7 12. g5 dxc4 13. Qxc4 Nd5 14. Bd2 N7b6
15. Qe2 Be7 16. f4 O-O-O 17. O-O-O Kb8 18. Kb1 Nxc3+ 19. Bxc3 Nd5 20. Bd2 c5
21. Rc1 Qb6 22. e4 Nc7 23. dxc5 Bxc5 24. Rxc5 Qxc5 25. Bc3 Rd7 26. Rc1 Rhd8 27.
Be5 Qb6 28. Qc4 Rd6 29. Bxd6 Rxd6 30. Qc3 Rc6 31. Qd2 Rxc1+ 32. Kxc1 Nb5 33. e5
Nd4 34. b3 a5 35. Be4 Qc5+ 36. Kd1 b6 37. Ke1 Kc7 38. Kd1 Nb5 39. Ke2 Qc3 40.
Bd3 Nd4+ 41. Kd1 Qc5 42. Qc1 Kc6 43. Be4+ Kb5 44. Bd3+ Kc6 45. Be4+ Kc7 46.
Qxc5+ bxc5 47. Bd3 Nc6 48. Bb5 Nb4 49. Ke2 Kd8 50. a4 Nd5 51. Kf3 Nc3 52. Ke3
Nd5+ 53. Ke4 Ke7 54. Bc6 Nb6 55. Bb5 Nd5 56. Bc6 Nb6 57. Bb5 Kd8 58. Kd3 Ke7
59. Ke4 Nd5 1/2-1/2

[Event "FIDE World Senior Team Championship 2020"]
[Site "Olympik hotel, Sokolovska 138, Prague"]
[Date "2020.03.08"]
[Round "3.1.3"]
[White "Goriatchkin, Jouri"]
[Black "Grant, Jonathan I M"]
[Result "1/2-1/2"]
[WhiteElo "2310"]
[BlackElo "2166"]
[PlyCount "105"]
[WhiteTeam "RUS1"]
[BlackTeam "SCO1"]
[EventDate "2020.03.06"]

1. d4 Nf6 2. c4 e6 3. g3 Bb4+ 4. Bd2 a5 5. Bg2 O-O 6. Nf3 b6 7. Ne5 Ra7 8. Nd3
Bxd2+ 9. Nxd2 d5 10. cxd5 exd5 11. Rc1 Re8 12. O-O Ba6 13. Nf3 Qd6 14. Re1 Ne4
15. Qa4 c6 16. Nfe5 Bb5 17. Qc2 a4 18. f3 Ng5 19. e3 f6 20. Ng4 Rae7 21. Qd2
Nd7 22. Nf4 f5 23. Nf2 Nf6 24. N2d3 Nf7 25. h4 g6 26. Kf2 Bc4 27. Qc3 c5 28. b3
axb3 29. axb3 cxd4 30. Qxd4 Bxd3 31. Nxd3 Nh5 32. Nf4 Nxf4 33. gxf4 Re6 34. Rc3
Qe7 35. Kg3 Rd8 36. Rec1 Nd6 37. Rc7 Qf8 38. Bf1 Ne8 39. Rc8 Nf6 40. Ba6 Kg7
41. R1c6 Rxc6 42. Rxc6 Rd6 43. Rxb6 Rxb6 44. Qxb6 Qa3 45. Kf2 Qa1 46. Bf1 Qc3
47. Be2 Qc1 48. Qd8 Qc5 49. Qb8 d4 50. Qe5 dxe3+ 51. Qxe3 Qb4 52. Bc4 Nh5 53.
Qd4+ 1/2-1/2

[Event "FIDE World Senior Team Championship 2020"]
[Site "Olympik hotel, Sokolovska 138, Prague"]
[Date "2020.03.08"]
[Round "3.1.4"]
[White "Burnett, Andrew"]
[Black "Tolstikh, Nikolay"]
[Result "0-1"]
[WhiteElo "2138"]
[BlackElo "2320"]
[PlyCount "112"]
[WhiteTeam "SCO1"]
[BlackTeam "RUS1"]
[EventDate "2020.03.06"]

1. d4 d5 2. c4 dxc4 3. e4 Nc6 4. Be3 Nf6 5. f3 e5 6. d5 Ne7 7. Bxc4 Ng6 8. Ne2
Bd6 9. Bb5+ Kf8 10. Qd2 a6 11. Bd3 Kg8 12. Nbc3 Bd7 13. a3 Rc8 14. Rc1 h5 15.
Nd1 h4 16. Nf2 Nh5 17. Bg5 Be7 18. Bxe7 Qxe7 19. Qa5 Qd6 20. Qc5 Nhf4 21. Nxf4
Qxc5 22. Rxc5 Nxf4 23. O-O Rh6 24. Rfc1 Rg6 25. Bf1 Nxg2 26. Bxg2 h3 27. Nxh3
Bxh3 28. R1c2 Kf8 29. Kf1 Rxg2 30. Rxg2 Ke7 31. Kf2 Bxg2 32. Kxg2 Kd7 33. Kg3
Rh8 34. Rc2 Rh6 35. f4 exf4+ 36. Kxf4 c6 37. dxc6+ Rxc6 38. Rg2 g6 39. h4 Rc5
40. Rd2+ Ke6 41. Rg2 Rc1 42. Rh2 Rc5 43. Rg2 a5 44. Rd2 b5 45. Rg2 Rh5 46. Kg4
Ke5 47. Rf2 Rh7 48. Re2 a4 49. b3 f6 50. bxa4 bxa4 51. Rb2 Rd7 52. Rb4 Rd4 53.
Rxd4 Kxd4 54. Kf4 Kc3 55. e5 fxe5+ 56. Kxe5 Kb3 0-1

[Event "FIDE World Senior Team Championship 2020"]
[Site "Olympik hotel, Sokolovska 138, Prague"]
[Date "2020.03.08"]
[Round "3.2.1"]
[White "Shabalov, Alexander"]
[Black "Priehoda, Vitezslav"]
[Result "1-0"]
[WhiteElo "2524"]
[BlackElo "2337"]
[PlyCount "65"]
[WhiteTeam "USA1"]
[BlackTeam "CZE2"]
[EventDate "2020.03.06"]

1. d4 d5 2. c4 e6 3. Nf3 Nf6 4. Nc3 Bb4 5. Qa4+ Nc6 6. e3 O-O 7. Qc2 Re8 8. Bd2
a6 9. a3 Bf8 10. h3 h6 11. cxd5 exd5 12. Bd3 g6 13. g4 Be6 14. O-O-O Na5 15.
Be1 Nc4 16. g5 Ne4 17. Bxc4 Nxc3 18. Bxc3 dxc4 19. e4 c6 20. Qd2 Bc8 21. gxh6
Rxe4 22. h4 Qd5 23. h5 Bg4 24. Ne5 Bxd1 25. h7+ Kh8 26. Rxd1 Bg7 27. hxg6 fxg6
28. Qg5 Bxe5 29. dxe5 Qe6 30. Rd6 Qf5 31. e6+ Kxh7 32. Rd7+ Kg8 33. Rg7+ 1-0

[Event "FIDE World Senior Team Championship 2020"]
[Site "Olympik hotel, Sokolovska 138, Prague"]
[Date "2020.03.08"]
[Round "3.2.2"]
[White "Zpevak, Pavel"]
[Black "Kaidanov, Gregory"]
[Result "0-1"]
[WhiteElo "2344"]
[BlackElo "2546"]
[PlyCount "120"]
[WhiteTeam "CZE2"]
[BlackTeam "USA1"]
[EventDate "2020.03.06"]

1. Nf3 d5 2. g3 g6 3. Bg2 Bg7 4. d4 e6 5. c4 Ne7 6. cxd5 exd5 7. O-O O-O 8. Nc3
Nbc6 9. Bf4 Be6 10. Bg5 f6 11. Bd2 Qd7 12. Rc1 Kh8 13. Na4 b6 14. b4 a5 15. b5
Na7 16. Nc3 Nac8 17. Ne1 Nd6 18. Nd3 g5 19. Qb3 Ne4 20. Rfd1 Nf5 21. e3 Rad8
22. Be1 Qf7 23. Qc2 Nfd6 24. a4 Rd7 25. Ne2 Nc4 26. Nb2 Ned6 27. Nxc4 Nxc4 28.
Nc3 Nd6 29. Qb3 Ne4 30. Ne2 Re8 31. Rc6 Bf8 32. Rdc1 f5 33. Nc3 Bd6 34. f3 Nf6
35. Bf2 f4 36. Re1 Rde7 37. Nd1 Bd7 38. Rc1 g4 39. e4 gxf3 40. e5 fxg2 41. Nc3
Bb4 42. exf6 Rxe1+ 43. Rxe1 Rxe1+ 44. Bxe1 f3 45. Bf2 Qxf6 46. Qxd5 Qf5 47.
Qxf5 Bxf5 48. Nd5 Bd6 49. Be3 Be6 50. Nc3 Bb3 51. Ne4 Bxa4 52. Nxd6 cxd6 53. d5
Bxb5 54. Bxb6 a4 55. Bc7 Bc4 56. Bxd6 Bxd5 57. Kf2 Kg7 58. Bc5 Kf6 59. g4 Kg5
60. Kg3 a3 0-1

[Event "FIDE World Senior Team Championship 2020"]
[Site "Olympik hotel, Sokolovska 138, Prague"]
[Date "2020.03.08"]
[Round "3.2.3"]
[White "Novikov, Igor"]
[Black "Polasek, Jaroslav"]
[Result "1-0"]
[WhiteElo "2551"]
[BlackElo "2365"]
[PlyCount "69"]
[WhiteTeam "USA1"]
[BlackTeam "CZE2"]
[EventDate "2020.03.06"]

1. d4 e6 2. c4 f5 3. g3 Nf6 4. Bg2 Be7 5. Nf3 O-O 6. O-O d6 7. Nc3 Qe8 8. Re1
Nc6 9. e4 fxe4 10. Nxe4 Nxe4 11. Rxe4 Bf6 12. d5 Nd8 13. dxe6 Nxe6 14. Ng5 Bxg5
15. Bxg5 Qf7 16. Be3 Bd7 17. Qd5 b6 18. b4 Rae8 19. c5 bxc5 20. bxc5 Nxc5 21.
Rxe8 Rxe8 22. Bxc5 Be6 23. Qc6 dxc5 24. Qxc5 Bxa2 25. h4 Qc4 26. Qxa7 Bb3 27.
Ra5 Qc1+ 28. Kh2 Qc2 29. Qd4 Rf8 30. f4 Qg6 31. Rc5 Qb6 32. Qe5 Rf7 33. Rb5 Qe6
34. Rb8+ Rf8 35. Rxb3 1-0

[Event "FIDE World Senior Team Championship 2020"]
[Site "Olympik hotel, Sokolovska 138, Prague"]
[Date "2020.03.08"]
[Round "3.2.4"]
[White "Vrbata, Zbynek"]
[Black "Yermolinsky, Alex"]
[Result "1/2-1/2"]
[WhiteElo "2350"]
[BlackElo "2487"]
[PlyCount "27"]
[WhiteTeam "CZE2"]
[BlackTeam "USA1"]
[EventDate "2020.03.06"]

1. d4 Nf6 2. c4 e6 3. Nc3 Bb4 4. Nf3 c5 5. g3 cxd4 6. Nxd4 O-O 7. Bg2 d5 8.
cxd5 Nxd5 9. Bd2 Bxc3 10. bxc3 e5 11. Nb3 Nc6 12. Rc1 Nde7 13. O-O Qc7 14. Qc2
1/2-1/2

[Event "FIDE World Senior Team Championship 2020"]
[Site "Olympik hotel, Sokolovska 138, Prague"]
[Date "2020.03.08"]
[Round "3.3.1"]
[White "Sokolin, Leonid"]
[Black "Arkell, Keith C"]
[Result "1-0"]
[WhiteElo "2496"]
[BlackElo "2447"]
[PlyCount "71"]
[WhiteTeam "USA2"]
[BlackTeam "ENG1"]
[EventDate "2020.03.06"]

1. e4 d5 2. exd5 Qxd5 3. Nc3 Qd8 4. d4 Nf6 5. Nf3 Bg4 6. h3 Bxf3 7. Qxf3 c6 8.
Be3 e6 9. Bd3 Nbd7 10. O-O Be7 11. Rad1 O-O 12. a3 Nb6 13. Ne2 Nbd5 14. Bc1 b5
15. Ng3 a5 16. c3 Qd7 17. Ne4 Nxe4 18. Bxe4 Rfd8 19. Rfe1 Rac8 20. h4 Nf6 21.
Bc2 Qd5 22. Qd3 g6 23. Qg3 Qh5 24. Re5 Bd6 25. Rde1 Ng4 26. Bg5 Bxe5 27. dxe5
Rd5 28. f3 Nxe5 29. Rxe5 h6 30. Rxd5 cxd5 31. Bf6 g5 32. hxg5 hxg5 33. Bxg5 Kf8
34. Qd6+ Kg8 35. Qf4 b4 36. Bf6 1-0

[Event "FIDE World Senior Team Championship 2020"]
[Site "Olympik hotel, Sokolovska 138, Prague"]
[Date "2020.03.08"]
[Round "3.3.2"]
[White "Flear, Glenn C"]
[Black "Dolgitser, Konstantin"]
[Result "1-0"]
[WhiteElo "2420"]
[BlackElo "2232"]
[PlyCount "119"]
[WhiteTeam "ENG1"]
[BlackTeam "USA2"]
[EventDate "2020.03.06"]

1. d4 Nf6 2. c4 e6 3. Nc3 Bb4 4. e3 O-O 5. Bd3 c5 6. Nf3 d5 7. O-O Nc6 8. a3
cxd4 9. exd4 dxc4 10. Bxc4 Be7 11. Qd3 b6 12. Bg5 Bb7 13. Rad1 h6 14. Bc1 Qc8
15. Rfe1 Rd8 16. Ba2 Bf8 17. Qc2 Re8 18. Qe2 g6 19. Ne5 Nxe5 20. dxe5 Nd7 21.
Ne4 Bxe4 22. Qxe4 Bg7 23. f4 Nc5 24. Qe2 Rd8 25. Be3 Qb7 26. Bb1 Qe7 27. Bc2
Rac8 28. b4 Nd7 29. Ba4 Nb8 30. Rxd8+ Rxd8 31. Rd1 Rxd1+ 32. Qxd1 Bf8 33. Bb5
a6 34. Be2 Qc7 35. Qd4 b5 36. Kf2 Be7 37. Qa7 Bd8 38. Qxc7 Bxc7 39. Bc5 Nd7 40.
Bd4 Nb6 41. Ke3 Nd5+ 42. Ke4 Kf8 43. g3 Ke8 44. Kd3 Kd7 45. Bf3 a5 46. Bc5 axb4
47. axb4 Nb6 48. g4 Nd5 49. Ke4 Bd8 50. Bf8 Be7 51. Bxh6 Bxb4 52. h4 Be7 53. h5
f5+ 54. Kd4 fxg4 55. Bxd5 exd5 56. hxg6 Ke8 57. g7 Kf7 58. f5 g3 59. f6 g2 60.
e6+ 1-0

[Event "FIDE World Senior Team Championship 2020"]
[Site "Olympik hotel, Sokolovska 138, Prague"]
[Date "2020.03.08"]
[Round "3.3.3"]
[White "Koganov, Mikhail"]
[Black "McDonald, Neil"]
[Result "1/2-1/2"]
[WhiteElo "2085"]
[BlackElo "2410"]
[PlyCount "94"]
[WhiteTeam "USA2"]
[BlackTeam "ENG1"]
[EventDate "2020.03.06"]

1. Nf3 f5 2. d3 d6 3. e4 e5 4. Nc3 Nc6 5. Bg5 Be7 6. Qd2 Nd4 7. Bxe7 Nxe7 8.
Nxd4 exd4 9. Ne2 c5 10. exf5 Bxf5 11. Ng3 O-O 12. Be2 Ng6 13. O-O Bd7 14. f4
Qh4 15. f5 Ne7 16. Bf3 Rab8 17. Be4 b6 18. Rae1 Kh8 19. Re2 Rf6 20. Qf4 Qxf4
21. Rxf4 Rbf8 22. Nh5 R6f7 23. g4 g6 24. Ng3 gxf5 25. gxf5 Nxf5 26. Nxf5 Bxf5
27. Bxf5 Rxf5 28. Rxf5 Rxf5 29. Re8+ Kg7 30. Rd8 Rg5+ 31. Kf2 Kf6 32. Rxd6+ Ke5
33. Rd7 Rf5+ 34. Kg2 Kf4 35. Re7 Re5 36. Rxe5 Kxe5 37. Kf3 Kf5 38. a4 a6 39. b3
h6 40. h3 b5 41. axb5 axb5 42. Kg3 Kg5 43. h4+ Kf5 44. Kf3 h5 45. Kg3 Ke5 46.
Kf3 Kf5 47. Kg3 Ke5 1/2-1/2

[Event "FIDE World Senior Team Championship 2020"]
[Site "Olympik hotel, Sokolovska 138, Prague"]
[Date "2020.03.08"]
[Round "3.3.4"]
[White "Plaskett, H James"]
[Black "Leverett, Bruce"]
[Result "1-0"]
[WhiteElo "2401"]
[BlackElo "2264"]
[PlyCount "81"]
[WhiteTeam "ENG1"]
[BlackTeam "USA2"]
[EventDate "2020.03.06"]

1. e4 e5 2. Nf3 Nc6 3. Bb5 a6 4. Ba4 Nf6 5. O-O Nxe4 6. d4 b5 7. Bb3 d5 8. dxe5
Be6 9. Be3 Be7 10. Qe2 O-O 11. Rd1 Qd7 12. c3 Rfd8 13. Bc2 Bf5 14. Bb3 Be6 15.
a4 Rab8 16. Bc2 Bf5 17. axb5 axb5 18. Ra6 Qe8 19. Rxc6 Qxc6 20. Nd4 Qg6 21. f3
c5 22. Nxf5 Qxf5 23. fxe4 Qxe5 24. Rf1 Qe6 25. Bf4 Rb7 26. e5 b4 27. Nd2 bxc3
28. bxc3 Rb2 29. Nf3 Rdb8 30. Bc1 R2b7 31. h3 g6 32. Ng5 Bxg5 33. Bxg5 f5 34.
Qd2 Rb2 35. Bf6 R2b7 36. Qg5 Kf8 37. h4 Ra8 38. h5 Qg8 39. Qe3 Rc7 40. e6 d4
41. Qe5 1-0

[Event "FIDE World Senior Team Championship 2020"]
[Site "Olympik hotel, Sokolovska 138, Prague"]
[Date "2020.03.08"]
[Round "3.4.1"]
[White "Haba, Petr"]
[Black "Pekarek, Ales"]
[Result "1/2-1/2"]
[WhiteElo "2470"]
[BlackElo "2274"]
[PlyCount "110"]
[WhiteTeam "CZE1"]
[BlackTeam "CZE3"]
[EventDate "2020.03.06"]

1. e4 c5 2. Nf3 Nc6 3. d4 cxd4 4. Nxd4 Nf6 5. Nc3 e5 6. Ndb5 d6 7. Nd5 Nxd5 8.
exd5 Nb8 9. c4 Be7 10. Be2 O-O 11. O-O Nd7 12. Kh1 a6 13. Nc3 a5 14. f4 Nc5 15.
Be3 exf4 16. Bxf4 Bg5 17. Bxg5 Qxg5 18. Nb5 Bd7 19. Nxd6 Qe5 20. Nb5 Bxb5 21.
cxb5 Rad8 22. Qc2 b6 23. Bf3 Rd6 24. Rae1 Qd4 25. b3 Rfd8 26. Re7 g6 27. Qe2
Kg7 28. Rc7 Rf6 29. Rd1 Qf4 30. Rc6 Rfd6 31. Qb2+ Qf6 32. Qxf6+ Kxf6 33. Kg1 h6
34. Kf2 Ke5 35. Ke3 f5 36. Rd4 g5 37. g3 Rf8 38. Rc4 Rfd8 39. g4 f4+ 40. Kd2
R8d7 41. Kc2 Rd8 42. a3 Rxd5 43. Bxd5 Rxd5 44. Rc7 Ne6 45. Rf7 Nd4+ 46. Kb2
Nxb5 47. Rf5+ Kd6 48. a4 Nd4 49. Rxd5+ Kxd5 50. Kc3 Ne6 51. Rc8 Nc5 52. Re8
Ne4+ 53. Kd3 Nf2+ 54. Ke2 Nxg4 55. h3 Nf6 1/2-1/2

[Event "FIDE World Senior Team Championship 2020"]
[Site "Olympik hotel, Sokolovska 138, Prague"]
[Date "2020.03.08"]
[Round "3.4.2"]
[White "Sorm, Daniel"]
[Black "Velicka, Petr"]
[Result "0-1"]
[WhiteElo "2328"]
[BlackElo "2425"]
[PlyCount "118"]
[WhiteTeam "CZE3"]
[BlackTeam "CZE1"]
[EventDate "2020.03.06"]

1. d4 d5 2. c4 e6 3. Nc3 c5 4. cxd5 exd5 5. Nf3 Nc6 6. Bg5 Be7 7. Bxe7 Ngxe7 8.
e3 c4 9. Be2 O-O 10. O-O Rb8 11. Qd2 b5 12. e4 dxe4 13. Nxe4 Bf5 14. Ng3 Be6
15. Rfd1 Bd5 16. Ne5 Qc7 17. Qe3 Rfe8 18. Bf3 Nxe5 19. dxe5 Bxf3 20. gxf3 Ng6
21. f4 f6 22. Ne4 fxe5 23. f5 Nf4 24. f6 Red8 25. Kh1 Kh8 26. fxg7+ Qxg7 27.
Rg1 Qb7 28. f3 Rd3 29. Qf2 Qe7 30. Rg3 Rbd8 31. Rag1 Rd1 32. Qc2 Rxg1+ 33. Rxg1
Rg8 34. Rxg8+ Kxg8 35. a4 a6 36. Qd2 Kg7 37. axb5 axb5 38. Qd6 Qxd6 39. Nxd6
Nd3 40. Nxb5 Nxb2 41. Nc3 Kf6 42. Kg2 Nd3 43. Kf1 Kg5 44. Ke2 h6 45. Ne4+ Kf4
46. Nf6 Nb4 47. Nh5+ Kg5 48. Ng3 Nd5 49. Ne4+ Kf4 50. Nc5 c3 51. Nd3+ Kf5 52.
Nc5 Nb4 53. Kd1 Kf4 54. Nd7 Kxf3 55. Nxe5+ Kg2 56. Ke2 Kh3 57. Nf3 h5 58. Ke3
c2 59. Kd2 Kg2 0-1

[Event "FIDE World Senior Team Championship 2020"]
[Site "Olympik hotel, Sokolovska 138, Prague"]
[Date "2020.03.08"]
[Round "3.4.3"]
[White "Langner, Ladislav"]
[Black "Pastircak, Milan"]
[Result "1-0"]
[WhiteElo "2377"]
[BlackElo "2277"]
[PlyCount "85"]
[WhiteTeam "CZE1"]
[BlackTeam "CZE3"]
[EventDate "2020.03.06"]

1. e4 e5 2. Bc4 Nf6 3. d3 c6 4. Nf3 d5 5. Bb3 a5 6. c3 Bd6 7. Bg5 Be6 8. Nbd2
Nbd7 9. d4 exd4 10. Nxd4 O-O 11. exd5 Bxd5 12. Bxd5 cxd5 13. O-O Re8 14. Nf5
Qc7 15. Nxd6 Qxd6 16. Nc4 Qc5 17. Ne3 Re5 18. Bh4 Re4 19. Bxf6 Nxf6 20. Qb3 b6
21. Rad1 a4 22. Qc2 Rae8 23. Rd3 g6 24. Qd1 Kg7 25. h3 b5 26. Nxd5 Nxd5 27.
Rxd5 Qc4 28. a3 Re2 29. Rd4 Qc5 30. Rb4 Kg8 31. Qd7 R8e5 32. Qd8+ Re8 33. Qf6
R8e6 34. Qf4 Rd6 35. c4 bxc4 36. Rxc4 Qd5 37. Qc1 Qe5 38. Rxa4 Qxb2 39. Ra8+
Kg7 40. Qc8 Rde6 41. Qf8+ Kf6 42. Ra7 Kg5 43. Rxf7 1-0

[Event "FIDE World Senior Team Championship 2020"]
[Site "Olympik hotel, Sokolovska 138, Prague"]
[Date "2020.03.08"]
[Round "3.4.4"]
[White "Mudrak, Josef"]
[Black "Konopka, Michal"]
[Result "1/2-1/2"]
[WhiteElo "2213"]
[BlackElo "2353"]
[PlyCount "104"]
[WhiteTeam "CZE3"]
[BlackTeam "CZE1"]
[EventDate "2020.03.06"]

1. d4 Nf6 2. Nf3 g6 3. g3 Bg7 4. Bg2 d5 5. O-O O-O 6. Nbd2 c6 7. b3 a5 8. Bb2
a4 9. a3 axb3 10. cxb3 Bf5 11. b4 Nbd7 12. Qb3 Ne4 13. Rfc1 Qb6 14. e3 Nxd2 15.
Nxd2 e5 16. dxe5 Bxe5 17. Bxe5 Nxe5 18. Qc3 Rfe8 19. Nb3 Rad8 20. Rd1 Be4 21.
Rd4 f5 22. Nd2 Bxg2 23. Kxg2 Nf7 24. h4 Nd6 25. Rf4 Qc7 26. a4 Qg7 27. Qxg7+
Kxg7 28. Rd4 Ne4 29. Nb3 Kf6 30. Rc1 Nd6 31. Nd2 Ne4 32. Nxe4+ Rxe4 33. b5 Rxd4
34. exd4 Rc8 35. Kf3 Ke6 36. Kf4 Kd6 37. h5 Re8 38. hxg6 hxg6 39. f3 cxb5 40.
axb5 Re2 41. Rc8 Rd2 42. Rd8+ Ke6 43. Rg8 Kf6 44. Rf8+ Ke7 45. Rb8 Rxd4+ 46.
Ke5 Rd3 47. Rxb7+ Kd8 48. Rg7 Rxf3 49. b6 Kc8 50. Rxg6 Kb7 51. Kxd5 Ka6 52. Ke5
Kb7 1/2-1/2

[Event "FIDE World Senior Team Championship 2020"]
[Site "Olympik hotel, Sokolovska 138, Prague"]
[Date "2020.03.08"]
[Round "3.5.1"]
[White "Ftacnik, Lubomir"]
[Black "Matveeva, Svetlana"]
[Result "1-0"]
[WhiteElo "2513"]
[BlackElo "2375"]
[PlyCount "69"]
[WhiteTeam "SVK"]
[BlackTeam "RUS2"]
[EventDate "2020.03.06"]

1. Nf3 Nf6 2. c4 g6 3. Nc3 Bg7 4. d4 d6 5. e4 O-O 6. Be2 e5 7. O-O exd4 8. Nxd4
Re8 9. f3 c6 10. Kh1 Nbd7 11. Bg5 Qb6 12. Nb3 a5 13. Qd2 a4 14. Be3 Qd8 15. Nd4
Nc5 16. Rab1 Nfd7 17. b4 axb3 18. axb3 Be5 19. g3 Ra3 20. b4 Ne6 21. Nxe6 Rxe6
22. Nd1 Re8 23. Nf2 Qe7 24. Rfd1 d5 25. cxd5 cxd5 26. Bb5 d4 27. Bxd4 Rxf3 28.
Kg2 Ra3 29. Bxd7 Bxd7 30. Bxe5 Bc6 31. Ng4 Bxe4+ 32. Kg1 Ra6 33. Ra1 f5 34.
Rxa6 fxg4 35. Qa2+ 1-0

[Event "FIDE World Senior Team Championship 2020"]
[Site "Olympik hotel, Sokolovska 138, Prague"]
[Date "2020.03.08"]
[Round "3.5.2"]
[White "Grabuzova, Tatiana"]
[Black "Stohl, Igor"]
[Result "0-1"]
[WhiteElo "2272"]
[BlackElo "2470"]
[PlyCount "112"]
[WhiteTeam "RUS2"]
[BlackTeam "SVK"]
[EventDate "2020.03.06"]

1. d4 Nf6 2. c4 g6 3. Nc3 d5 4. Nf3 Bg7 5. Qb3 dxc4 6. Qxc4 O-O 7. e4 a6 8. Bf4
b5 9. Qxc7 Qxc7 10. Bxc7 Bb7 11. e5 Nd5 12. Nxd5 Bxd5 13. Bd3 Nc6 14. Bb6 Rab8
15. Bc5 Rfd8 16. Ke2 Bxf3+ 17. Kxf3 Nxd4+ 18. Ke4 Ne6 19. Be3 f5+ 20. exf6 exf6
21. g4 Ng5+ 22. Bxg5 fxg5 23. Ke3 Bxb2 24. Raf1 Bd4+ 25. Ke2 Re8+ 26. Kf3 Rbc8
27. Kg2 Rc3 28. Rd1 Bb6 29. Rd2 Rd8 30. Rhd1 Rd4 31. Be2 Rxd2 32. Rxd2 Bc5 33.
Bf3 Kf8 34. Bd1 Ke7 35. Bb3 a5 36. Re2+ Kf8 37. Bd5 b4 38. Bb3 Bd6 39. Rd2 Ke7
40. Re2+ Kd7 41. Re3 Rxe3 42. fxe3 Kc6 43. h3 Kb5 44. Kf3 a4 45. Bf7 b3 46.
axb3 a3 47. b4 Kxb4 48. Ke4 Kc3 49. Ba2 Bc5 50. Bd5 Kd2 51. Ke5 Kxe3 52. Kf6
Kf4 53. Kg7 h5 54. Kxg6 hxg4 55. hxg4 Kxg4 56. Be6+ Kf4 0-1

[Event "FIDE World Senior Team Championship 2020"]
[Site "Olympik hotel, Sokolovska 138, Prague"]
[Date "2020.03.08"]
[Round "3.5.3"]
[White "Motuz, Karol"]
[Black "Yakimenko, Alexander A."]
[Result "1/2-1/2"]
[WhiteElo "2368"]
[BlackElo "2149"]
[PlyCount "89"]
[WhiteTeam "SVK"]
[BlackTeam "RUS2"]
[EventDate "2020.03.06"]

1. d4 e6 2. c4 Nf6 3. Nc3 Bb4 4. f3 O-O 5. a3 Bxc3+ 6. bxc3 Nh5 7. Nh3 f5 8. e3
b6 9. Bd3 d6 10. O-O Nd7 11. Qc2 Bb7 12. Bd2 Qe7 13. Rae1 g6 14. Nf4 Qf7 15. e4
Nxf4 16. Bxf4 Rfe8 17. e5 dxe5 18. Bxe5 Nxe5 19. Rxe5 c5 20. dxc5 Qc7 21. Rfe1
Be4 22. f4 Bxd3 23. Qxd3 Rac8 24. Qe3 Qc6 25. cxb6 axb6 26. c5 bxc5 27. Rxe6
Rxe6 28. Qxe6+ Qxe6 29. Rxe6 Ra8 30. Rc6 Rxa3 31. Rxc5 Kf7 32. Rc7+ Ke6 33. h4
h5 34. Rc6+ Kd5 35. Rxg6 Rxc3 36. Kh2 Ke4 37. Rg5 Kxf4 38. Rxh5 Kg4 39. Rh8 f4
40. h5 Kg5 41. h6 Kg6 42. h7 Kg7 43. Rf8 Kxh7 44. Rxf4 Kg6 45. Ra4 1/2-1/2

[Event "FIDE World Senior Team Championship 2020"]
[Site "Olympik hotel, Sokolovska 138, Prague"]
[Date "2020.03.08"]
[Round "3.6.1"]
[White "Cummings, David H."]
[Black "Petursson, Margeir"]
[Result "0-1"]
[WhiteElo "2342"]
[BlackElo "2466"]
[PlyCount "90"]
[WhiteTeam "CAN"]
[BlackTeam "ISL"]
[EventDate "2020.03.06"]

1. Nf3 c5 2. c4 g6 3. e4 Nc6 4. d4 cxd4 5. Nxd4 Nf6 6. Nc3 d6 7. f3 Bg7 8. Be3
O-O 9. Be2 Bd7 10. Qd2 Nxd4 11. Bxd4 Bc6 12. O-O-O a6 13. g4 Nd7 14. Bxg7 Kxg7
15. h4 h6 16. Kb1 Qa5 17. f4 Qc5 18. g5 hxg5 19. hxg5 Rh8 20. Rh6 Rxh6 21.
gxh6+ Kh7 22. Bd3 Qd4 23. Qe2 Qf6 24. Rf1 Rf8 25. Bc2 e5 26. f5 g5 27. Nd1 Qe7
28. f6 Nxf6 29. Qf3 Ne8 30. Ne3 Bd7 31. Nd5 Qe6 32. Qh5 Qg6 33. Qe2 g4 34. Ne7
Qg5 35. Nf5 Rg8 36. Ng3 Nf6 37. Qd3 Be6 38. Qxd6 Nh5 39. Nf5 g3 40. Rg1 g2 41.
Qd1 Nf4 42. Qf3 Qg4 43. Bd1 Qxf3 44. Bxf3 Bxc4 45. Ne3 Rg3 0-1

[Event "FIDE World Senior Team Championship 2020"]
[Site "Olympik hotel, Sokolovska 138, Prague"]
[Date "2020.03.08"]
[Round "3.6.2"]
[White "Thorhallsson, Throstur"]
[Black "Plotkin, Victor"]
[Result "1/2-1/2"]
[WhiteElo "2424"]
[BlackElo "2339"]
[PlyCount "81"]
[WhiteTeam "ISL"]
[BlackTeam "CAN"]
[EventDate "2020.03.06"]

1. e4 e5 2. Nf3 Nf6 3. Nxe5 d6 4. Nc4 Nxe4 5. Qe2 Qe7 6. Ne3 Nc6 7. c3 Be6 8.
d4 d5 9. Nd2 O-O-O 10. Nxe4 dxe4 11. Qb5 Qd7 12. b3 a6 13. Qa4 Na7 14. Qxd7+
Rxd7 15. Bb2 f5 16. O-O-O g6 17. d5 Bf7 18. c4 Rg8 19. h4 h5 20. Be2 Bc5 21.
Rhf1 c6 22. dxc6 Rxd1+ 23. Rxd1 Nxc6 24. g3 Rd8 25. Rxd8+ Kxd8 26. Kd2 Kd7 27.
Ke1 Nd4 28. Bd1 Be6 29. Bc3 Nc6 30. Nc2 Bd6 31. Kd2 f4 32. gxf4 Bxf4+ 33. Ne3
Ne5 34. Bxe5 Bxe5 35. Bc2 Bf5 36. Nxf5 gxf5 37. f3 exf3 38. Bxf5+ Kc7 39. Ke3
Bf6 40. Kxf3 Bxh4 41. Bg6 1/2-1/2

[Event "FIDE World Senior Team Championship 2020"]
[Site "Olympik hotel, Sokolovska 138, Prague"]
[Date "2020.03.08"]
[Round "3.6.3"]
[White "Findlay, Ian T."]
[Black "Gislason, Gudmundur"]
[Result "1-0"]
[WhiteElo "2159"]
[BlackElo "2322"]
[PlyCount "87"]
[WhiteTeam "CAN"]
[BlackTeam "ISL"]
[EventDate "2020.03.06"]

1. e4 c5 2. Nf3 e6 3. d4 cxd4 4. Nxd4 a6 5. Nc3 Qc7 6. Be2 Nf6 7. Be3 Bb4 8.
Qd3 d5 9. exd5 Nxd5 10. Bd2 Nxc3 11. bxc3 Be7 12. Qg3 Qxg3 13. hxg3 Nd7 14. Rb1
Nc5 15. Bf3 e5 16. Nb3 e4 17. Be2 Na4 18. O-O O-O 19. Rfd1 Bf6 20. Nd4 b5 21.
Be1 Rd8 22. Nc6 Rxd1 23. Rxd1 Be6 24. c4 Nb2 25. cxb5 Nxd1 26. b6 Bc3 27. b7
Re8 28. Bxc3 Nxc3 29. Bxa6 Bd5 30. b8=Q Rxb8 31. Nxb8 Bxa2 32. Nc6 Kf8 33. Kf1
Nd5 34. Ke1 h5 35. Be2 g6 36. Kd2 f5 37. c4 Nb6 38. Kc3 Kg7 39. Nb4 Bb1 40. c5
Na4+ 41. Kd4 Kf6 42. Bb5 Nxc5 43. Kxc5 g5 44. Kd4 1-0